| 000 | 00000nas 2200000za 4500 |
| 001 | 9.831211 |
| 003 | CaOODSP |
| 005 | 20221107145712 |
| 007 | cr ||||||||||| |
| 008 | 170124d19471955oncar p oss f0###a0eng|d |
| 022 | |y0825-4192 |
| 040 | |aCaOODSP|beng |
| 043 | |an-cn--- |
| 086 | 1 |aCS68-204E-PDF |
| 245 | 00|aFinancial statistics of municipal governments |h[electronic resource] / |cprepared by the Public Finance and Transportation Division. |
| 260 | |a[Ottawa] : |bDominion Bureau of Statistics, |c1950-1957. |
| 310 | |aAnnual |
| 362 | 0 |a1947-1955. |
| 490 | 0 |aD.B.S. memorandum |
| 500 | |aDigitized edition from print [produced by Statistics Canada]. |
| 550 | |aIssued 1951-1954 by Municipal Finance Section; 1955 by Public Finance Section. |
| 692 | 07|2gccst|aMunicipalities |
| 692 | 07|2gccst|aFinance |
| 710 | 1 |aCanada. |bDominion Bureau of Statistics. |bPublic Finance and Transportation Division. |
| 710 | 1 |aCanada. |bDominion Bureau of Statistics. |bMunicipal Finance Section. |
| 710 | 1 |aCanada.|bDominion Bureau of Statistics.|bPublic Finance Section. |
| 780 | 00|tFinancial statistics of municipal governments in Canada |w(CaOODSP)9.809534 |
| 785 | 00|tFinancial statistics of municipal governments, revenue and expenditure, assets and liabilities, actual |w(CaOODSP)9.831212 |